Métro parisien : Stations de la ligne 6 - Statistiques

Statistiques générales
  • Ce quiz a été pris 201 fois
  • Le résultat moyen est 19 sur 28
Statistiques - réponses
Station Correspondances % Correct
Nation
95%
Charles de Gaulle - Étoile
88%
Montparnasse - Bienvenüe
87%
Bercy
83%
Place d'Italie
80%
Trocadéro
80%
Glacière
79%
Bir-Hakeim
77%
Raspail
76%
Denfert-Rochereau
73%
Pasteur
72%
La Motte-Picquet - Grenelle
68%
Nationale
68%
Quai de la Gare
68%
Corvisart
64%
Dupleix
64%
Passy
64%
Kléber
63%
Picpus
63%
Daumesnil
61%
Chevaleret
60%
Saint-Jacques
59%
Bel-Air
55%
Boissière
55%
Cambronne
55%
Edgar Quinet
55%
Dugommier
52%
Sèvres - Lecourbe
48%
Aucun quiz correspondant
Distribution des résultats
% des personnes avec chaque résultat
Percentile par nombre de réponses
Votre historique - résultats
Vous n’avez pas pris ce quiz